SPORCLE Ending Countries Quiz Stats

 Plays Quiz not verified by Sporcle

Challenge
Share
Tweet
Embed
Score 0/59 Timer 10:00
0 Plays Today
Hint Answer % Correct
PNothing there!
100%
SSaint Kitts and Nevis
96.2%
SBahamas
96%
CCzech Republic
95.8%
CDominican Republic
95.8%
SSeychelles
95.6%
EBelize
95.6%
EFrance
95.4%
SComoros
95.2%
SPhilippines
95%
SSaint Vincent and the Grenadines
95%
SMarshall Islands
94.8%
CCentral African Republic
94.8%
OLesotho
94.5%
SBarbados
94.3%
SLaos
93.7%
SMauritius
93.7%
LBrazil
93.7%
ODemocratic Republic of the Congo
93.5%
ORepublic of the Congo
93.3%
SBelarus
93.1%
SSolomon Islands
93.1%
OTogo
93.1%
EChile
92.9%
OKosovo
92.7%
EGreece
92.6%
LIsrael
92%
SNetherlands
91.8%
OMonaco
91.8%
SHonduras
91.6%
Hint Answer % Correct
OMexico
91.6%
REcuador
91.6%
OMorocco
91.2%
OMontenegro
91%
REl Salvador
91%
SMaldives
90.8%
RNiger
90.8%
LNepal
90.6%
ETimor-Leste
90.5%
RMyanmar
90.3%
EZimbabwe
89.9%
LSenegal
89.5%
SUnited Arab Emirates
89.3%
ESuriname
89.1%
LPortugal
88.7%
ESierra Leone
88.7%
ESingapore
88.5%
OSan Marino
88%
ECabo Verde
88%
ESao Tome and Principe
88%
OBurkina Faso
87.8%
SCyprus
87.4%
EUkraine
85.5%
ECote d'Ivoire
84.9%
RQatar
84%
RMadagascar
83.4%
OTrinidad and Tobago
82.6%
EMozambique
81.9%
EPalestine
80.9%

You're not logged in!

Compare scores with friends on all Sporcle quizzes.
Join for Free
OR
Log In

You Might Also Like...

Show Comments

Extras

Top Quizzes Today


Score Distribution

Your Account Isn't Verified!

In order to create a playlist on Sporcle, you need to verify the email address you used during registration. Go to your Sporcle Settings to finish the process.

Report this User

Report this user for behavior that violates our Community Guidelines.

Details: